Cast a giant shadow : (Record no. 19966)
[ view plain ]
| 000 -LEADER | |
|---|---|
| fixed length control field | 00964nam a2200241Ma 4500 |
| 001 - CONTROL NUMBER | |
| control field | castgiantshadows00berk |
| 003 - CONTROL NUMBER IDENTIFIER | |
| control field | CaSfIA |
| 005 - DATE AND TIME OF LATEST TRANSACTION | |
| control field | 20230525154921.0 |
| 007 - PHYSICAL DESCRIPTION FIXED FIELD--GENERAL INFORMATION | |
| fixed length control field | cr|||| |
| 008 - FIXED-LENGTH DATA ELEMENTS--GENERAL INFORMATION | |
| fixed length control field | 081117t19631962nyu 000 0 eng d |
| 040 ## - CATALOGING SOURCE | |
| Original cataloging agency | J9U |
| Transcribing agency | J9U |
| Modifying agency | CaSfIA |
| 016 7# - NATIONAL BIBLIOGRAPHIC AGENCY CONTROL NUMBER | |
| Record control number | 001813829 |
| Source | IsJJNL |
| 035 ## - SYSTEM CONTROL NUMBER | |
| System control number | (OCoLC)234010578 |
| 100 1# - MAIN ENTRY--PERSONAL NAME | |
| Personal name | Berkman, Ted. |
| 245 10 - TITLE STATEMENT | |
| Title | Cast a giant shadow : |
| Medium | [electronic resource] |
| Remainder of title | the story of Mickey Marcus who died to save Jerusalem / |
| Statement of responsibility, etc. | by Ted Berkman. |
| 260 ## - PUBLICATION, DISTRIBUTION, ETC. | |
| Place of publication, distribution, etc. | New York : |
| Name of publisher, distributor, etc. | Pocket Books, |
| Date of publication, distribution, etc. | 1963, c1962. |
| 300 ## - PHYSICAL DESCRIPTION | |
| Extent | 326 p., [16] p. of plates : |
| Other physical details | ill., facsims., maps, ports. ; |
| Dimensions | 17 cm. |
| 490 0# - SERIES STATEMENT | |
| Series statement | Permabook editions ; |
| Volume/sequential designation | M 5075 |
| 500 ## - GENERAL NOTE | |
| General note | Maps on lining papers. |
| 600 14 - SUBJECT ADDED ENTRY--PERSONAL NAME | |
| Personal name | Marcus, David, |
| Dates associated with a name | 1901-1948. |
| 856 41 - ELECTRONIC LOCATION AND ACCESS | |
| Uniform Resource Identifier | <a href="http://www.archive.org/details/castgiantshadows00berk">http://www.archive.org/details/castgiantshadows00berk</a> |
| Public note | Free eBook from the Internet Archive |
| 856 42 - ELECTRONIC LOCATION AND ACCESS | |
| Uniform Resource Identifier | <a href="http://www.openlibrary.org/books/OL24202865M">http://www.openlibrary.org/books/OL24202865M</a> |
| Public note | Additional information and access via Open Library |
| Withdrawn status | Lost status | Damaged status | Not for loan | Collection | Home library | Current library | Date acquired | Total Checkouts | Date last seen | Price effective from | Koha item type |
|---|---|---|---|---|---|---|---|---|---|---|---|
| Project Gutenberg | Main Library | Main Library | 05/25/2023 | 05/25/2023 | 05/25/2023 | EBooks |